[Event "Landesliga U20 Sued 1011"]
[Site "Bayern"]
[Date "2011.01.22"]
[Round "4.3"]
[White "D'Addona, Patrick"]
[Black "Schreiner, Franz Josef"]
[Result "1-0"]
[WhiteElo "1483"]
[BlackElo "1347"]
[PlyCount "121"]
[EventDate "2010.10.16"]
[EventType "team-tourn"]
[EventRounds "7"]
[EventCountry "GER"]
[SourceTitle "EXT 2022"]
[Source "ChessBase"]
[SourceDate "2021.10.06"]
[SourceVersion "1"]
[SourceVersionDate "2021.10.06"]
[SourceQuality "1"]
[WhiteTeam "Koetz/Ichenhausen U20"]
[BlackTeam "Nittenau U20"]
[WhiteTeamCountry "GER"]
[BlackTeamCountry "GER"]

1. e4 d5 2. exd5 Qxd5 3. Nc3 Qa5 4. Bc4 c6 5. d3 Bf5 6. Nf3 Nf6 7. 0-0 e6 8. Re1 Bb4 9. Bd2 0-0 10. a3 Bd6 11. Ne4 Qd8 12. Nxd6 Qxd6 13. Bc3 Nbd7 14. Nh4 Bg6 15. Nxg6 hxg6 16. d4 Rfe8 17. b4 Nb6 18. Bb3 Nbd5 19. Bb2 Rac8 20. c4 Nc7 21. Qf3 Qd8 22. Rad1 Rf8 23. Re3 Nce8 24. Qh3 Nh7 25. Bc2 Qf6 26. Bc3 Qd8 27. Rde1 Nd6 28. Bd3 Ng5 29. Qg4 Nh7 30. h4 Nf6 31. Qh3 Nf5 32. Bxf5 exf5 33. f3 Qd6 34. Qh2 Qxh2+ 35. Kxh2 Rce8 36. Kg1 Rxe3 37. Rxe3 Re8 38. Rxe8+ Nxe8 39. Kf2 Nd6 40. c5 Nb5 41. Bb2 f6 42. Ke3 Kf7 43. Kd3 Ke6 44. Kc4 Nc7 45. a4 Nd5 46. Bc1 f4 47. b5 Ne3+ 48. Bxe3 fxe3 49. Kd3 Kd5 50. Kxe3 Kc4 51. bxc6 bxc6 52. Ke4 a5 53. f4 Kb4 54. Kd3 Kxa4 55. d5 cxd5 56. c6 Kb3 57. c7 a4 58. c8Q Ka2 59. Kc2 a3 60. Qb8 Ka1 61. Qb1# 1-0